Szczegóły MARC21

The Chinese way to wealth and prosperity : 8 timeless strategies for achieving financial success /

003 -Nazwa inst., której nr kontr. jest w polu 001 [,]
    • @
    • Nazwa instytucji, której n kontrolny jest w polu 001
    • NUKAT
005 -DATA I CZAS OSTATNIEJ MODYFIKACJI [,]
    • @
    • pole kontrolne
    • 20241231110941.0
020 -Międzynarod. znormalizowany nr książki - ISBN [ , ]
    • a
    • Numer ISBN
    • 9780071788724 Find
    • q
    • Dopowiedzenie
    • alk. paper
020 -Międzynarod. znormalizowany nr książki - ISBN [ , ]
    • a
    • Numer ISBN
    • 0071788727 Find
    • q
    • Dopowiedzenie
    • alk. paper
020 -Międzynarod. znormalizowany nr książki - ISBN [ , ]
    • a
    • Numer ISBN
    • 9780071788731 Find
    • q
    • Dopowiedzenie
    • e-ISBN
020 -Międzynarod. znormalizowany nr książki - ISBN [ , ]
    • a
    • Numer ISBN
    • 0071788735 Find
    • q
    • Dopowiedzenie
    • e-MHID
040 -Instytucja sporządzająca opis [ , ]
    • a
    • Instytucja, która sporządziła opis (NP)
    • SZCZ U/JS
    • c
    • Instytucja, która sporządziła rekord (NP)
    • SZCZ U/JS
    • d
    • Instytucja, która zmodyfikowała rekord (P)
    • SZCZ U/MSZ
942 -Rodzaj dokumentu [ , ]
    • c
    • Rodzaj dokumentu
    • Książka
100 -Hasło główne - nazwa osobowa [1, ]
    • a
    • Nazwa osobowa (NP)
    • Lee, Michael Justin.
    • 9
    • KHW
    • 85698
245 -Strefa tytułu i oznaczenia odpowiedzialności [1,4]
    • a
    • Tytuł
    • The Chinese way to wealth and prosperity : Find
    • b
    • Ciąg dalszy tytułu (NP)
    • 8 timeless strategies for achieving financial success / Find
    • c
    • Pozostałe elementy strefy tytułu i oznaczenia odpowiedzialności (NP)
    • Michael Justin Lee.
260 -Strefa adresu wydawniczego [ , ]
    • a
    • Miejsce wydania (P)
    • New York [etc.] :
    • b
    • Nazwa wydawcy (P)
    • McGraw-Hill,
    • c
    • Data wydania (P)
    • cop. 2012.
300 -Strefa opisu fizycznego [ , ]
    • a
    • Określenie formy książki i/lub objętość (NP)
    • X, 207 s. ;
    • c
    • Format (NP)
    • 18 cm.
336 -Typ zawartości [ , ]
    • a
    • Termin opisujący typ zawartości
    • Tekst
    • b
    • Kod określający zawartość
    • txt
    • 2
    • Źródło (terminu i kodu)
    • rdacontent
337 -Typ mediów [ , ]
    • a
    • Tryb odtwarzania
    • Bez urządzenia pośredniczącego
    • b
    • Kod typu mediów
    • n
    • 2
    • Źródło (terminu i kodu)
    • rdamedia
338 -Typ/rodzaj nośnika [ , ]
    • a
    • Hasło opisujące typ nośnika
    • Wolumin
    • b
    • Kod typu nośnika
    • nc
    • 2
    • Źródło (terminu i kodu)
    • rdacarrier
504 -Uwaga dot. bibliogr. załącznikowej [ , ]
    • a
    • Uwaga dot. bibliografii załącznikowej
    • Indeks.
080 -Uniwersalna Klasyfikacja Dziesiętna [ , ]
    • 2
    • Identyfikator wydania tablic
    • UDC-P058
    • 9
    • UKD
    • 2986
    • a
    • Symbol klasyfikacji
    • 330.567.22
    • b
    • Dopowiedzenie
    • Konsumpcja indywidualna. Spożycie prywatne.
    • 4
    • UKD2
    • 7644
    • x
    • Poddział wspólny
    • =111
    • c
    • Dopowiedzenie poddz. wspólnego
    • =Język angielski.
    • 4
    • UKD2
    • 8655
    • x
    • Poddział wspólny
    • (510)
    • c
    • Dopowiedzenie poddz. wspólnego
    • (Chiny. Chińska Republika Ludowa).
080 -Uniwersalna Klasyfikacja Dziesiętna [ , ]
    • 2
    • Identyfikator wydania tablic
    • UDC-P058
    • 9
    • UKD
    • 2960
    • a
    • Symbol klasyfikacji
    • 330.34
    • b
    • Dopowiedzenie
    • Rozwój gospodarczy.
    • 4
    • UKD2
    • 7644
    • x
    • Poddział wspólny
    • =111
    • c
    • Dopowiedzenie poddz. wspólnego
    • =Język angielski.
    • 4
    • UKD2
    • 8655
    • x
    • Poddział wspólny
    • (510)
    • c
    • Dopowiedzenie poddz. wspólnego
    • (Chiny. Chińska Republika Ludowa).
980 -Symbol UKD [ , ]
    • a
    • UKD
    • 330.567.22:330.34](510)=111
710 -Hasło dodatkowe - nazwa ciała zbiorowego [2, ]
    • a
    • Nazwa ciała zbiorowego lub nazwa geograficzna jako pierwszy element (NP)
    • McGraw-Hill Companies.
    • 4
    • Kod relacji
    • pbl
    • 9
    • KHW
    • 50887
920 -ISBN [ , ]
    • a
    • ISBN
    • 978-0-07-178872-4 Find
    • q
    • Dopowiedzenie
    • alk. paper
920 -ISBN [ , ]
    • a
    • ISBN
    • 0-07-178872-7 Find
    • q
    • Dopowiedzenie
    • alk. paper
920 -ISBN [ , ]
    • a
    • ISBN
    • 978-0-07-178873-1 Find
    • q
    • Dopowiedzenie
    • e-ISBN
920 -ISBN [ , ]
    • a
    • ISBN
    • 0-07-178873-5 Find
    • q
    • Dopowiedzenie
    • e-MHID
Status udost. Numer inwentarzowy Sygnatura Obwoluta Data inwentaryzacji Lokalizacja
-2T.17364T.1736412014-06-10T